Los Angeles Chargers - 2021 Start Of Season Roster - Statistics

General Stats
  • This quiz has been taken 11 times
  • The average score is 24 of 53
Answer Stats
Position Answer % Correct
HB Austin Ekeler
100%
QB Justin Herbert
100%
WR Keenan Allen
100%
WR Mike Williams
100%
T Rashawn Slater
100%
TE Jared Cook
89%
EDGE Joey Bosa
89%
HB Justin Jackson
89%
QB Chase Daniel
78%
C Corey Linsley
78%
QB Easton Stick
78%
WR Josh Palmer
78%
CB Asante Samuel Jr.
67%
S Derwin James Jr.
67%
TE Donald Parham Jr.
67%
WR Jalen Guyton
67%
T Bryan Bulaga
56%
LB Kenneth Murray Jr.
56%
LB Kyzir White
56%
CB Michael Davis
56%
CB Chris Harris Jr.
44%
DT Jerry Tillery
44%
HB Joshua Kelley
44%
DT Justin Jones
44%
DT Linval Joseph
44%
T Storm Norton
44%
EDGE Uchenna Nwosu
44%
S Alohi Gilman
33%
EDGE Chris Rumph ll
33%
G/T Matt Feiler
33%
S Nasir Adderley
33%
C/G Scott Quessenberry
33%
TE Stephen Anderson
33%
CB Tevaughn Campbell
33%
TE Tre' McKitty
33%
P Ty Long
33%
DT Christian Covington
22%
LB Drue Tranquill
22%
FB Gabe Nabers
22%
WR KJ Hill Jr.
22%
HB Larry Rountree lll
22%
LB Nick Niemann
22%
G Oday Aboushi
22%
T Trey Pipkins lll
22%
LB Amen Ogbongbemiga
11%
G/T Brendan Jaimes
11%
DT Forrest Merrill
11%
CB Kemon Hall
11%
EDGE Kyler Fackrell
11%
CB/S Mark Webb Jr.
11%
LS Matt Overton
11%
CB Brandon Facyson
0%
K Tristan Vizcaino
0%
No matching quizzes found
Score Distribution
Percent of People with Each Score
Percentile by Number Answered
Your Score History
You have not taken this quiz